Hỏi-đáp về Bộ luật lao động
Đặt ra các câu hỏi và kèm theo lời giải đáp trên cơ sở Bộ luật Lao động và các văn bản hướng dẫn thi hành.
محفوظ في:
| المؤلف الرئيسي: | |
|---|---|
| التنسيق: | كتاب |
| اللغة: | Undetermined |
| منشور في: |
Tp. HCM
Nxb. Tp. HCM
2000
|
| الموضوعات: | |
| الوسوم: |
إضافة وسم
لا توجد وسوم, كن أول من يضع وسما على هذه التسجيلة!
|
| Thư viện lưu trữ: | Trung tâm Học liệu Trường Đại học Cần Thơ |
|---|
| LEADER | 00773nam a2200205Ia 4500 | ||
|---|---|---|---|
| 001 | CTU_5938 | ||
| 008 | 210402s9999 xx 000 0 und d | ||
| 020 | |c 28.000 | ||
| 082 | |a 344.59701 | ||
| 082 | |b Ng121 | ||
| 100 | |a Bùi, Kim Ngân | ||
| 245 | 0 | |a Hỏi-đáp về Bộ luật lao động | |
| 245 | 0 | |c Bùi Kim Ngân | |
| 260 | |a Tp. HCM | ||
| 260 | |b Nxb. Tp. HCM | ||
| 260 | |c 2000 | ||
| 520 | |a Đặt ra các câu hỏi và kèm theo lời giải đáp trên cơ sở Bộ luật Lao động và các văn bản hướng dẫn thi hành. | ||
| 650 | |a Labor laws and legislation,Luật lao động và pháp luật | ||
| 650 | |x Vietnam,Việt Nam | ||
| 980 | |a Trung tâm Học liệu Trường Đại học Cần Thơ | ||